¡Sociales primero!. La teoría va a la escuela.

Bibliographic Details
Main Author: Méndez, Laura Marcela
Format: Libro
Language:English
Published: Buenos Aires Novedades educativas 2000
Subjects:
Online Access:

MARC

LEADER 00000cam a2200000 a 4500
001 015725
003 UAHC_CL
005 20170803121304.0
008 010827b xx j 000 1 eng
020 |a 9879191765 
040 |a UAHC_CL  |c UAHC_CL  |d UAHC_CL 
100 1 |a Méndez, Laura Marcela 
245 1 0 |a ¡Sociales primero!. La teoría va a la escuela. 
260 |b Novedades educativas  |c 2000  |a Buenos Aires 
300 |a 80 p. 
650 4 |a CIENCIAS SOCIALES  |x EDUCACION BASICA 
900 |a 372.19 MEN 
942 |c BK 
952 |0 0  |1 0  |4 0  |6 372_190000000000000_MEN  |7 0  |8 General  |9 31333  |a BC  |b BC  |c General  |d 2017-08-03  |o 372.19 MEN  |p 1316270  |r 2026-01-13 00:00:00  |t 1  |w 2017-08-03  |y BK 
999 |c 15725  |d 15725